Bienvenido a nuestro catálago, Biblioteca Universidad Monteávila

El sublenguaje del cuerpo (Registro nro. 13369)

Detalles MARC
000 -CABECERA
campo de control de longitud fija 02556nam a2200253 4500
003 - IDENTIFICADOR DEL NÚMERO DE CONTROL
campo de control vecauma
005 - FECHA Y HORA DE LA ÚLTIMA TRANSACCIÓN
campo de control 20260414202637.0
007 - CAMPO FIJO DE DESCRIPCIÓN FÍSICA--INFORMACIÓN GENERAL
campo de control de longitud fija ta
008 - DATOS DE LONGITUD FIJA--INFORMACIÓN GENERAL
campo de control de longitud fija 260414b ve ||||| |||| 00| 0 spa d
020 ## - ISBN
Número Internacional Estándar del Libro 8475099696
040 ## - FUENTE DE LA CATALOGACIÓN
Centro catalogador/agencia de origen vecauma
Lengua de catalogación spa
Centro/agencia transcriptor vecauma
Centro/agencia modificador vecauma
Normas de descripción rda
041 ## - CÓDIGO DE LENGUA
Código de lengua del recurso spa
100 1# - AUTOR PERSONAL
Término indicativo de función/relación autor
245 1# - MENCIÓN DE TÍTULO
Título El sublenguaje del cuerpo
Resto del título Gastos, posturas y distancias en las relaciones personales y en la empresa
Mención de responsabilidad, etc. / Julius Fast
264 ## - PRODUCCIÓN, PUBLICACIÓN, DISTRIBUCIÓN, FABRICACIÓN Y COPYRIGHT
Producción, publicación, distribución, fabricación y copyright España:
Nombre del de productor, editor, distribuidor, fabricante Paidós Ibérica, S.A.;
Fecha de producción, publicación, distribución, fabricación o copyright 1994.
300 ## - DESCRIPCIÓN FÍSICA
Extensión 279 páginas.
336 ## - TIPO DE CONTENIDO
Término de tipo de contenido texto
Código de tipo de contenido txt
Fuente rdacontenido
337 ## - TIPO DE MEDIO
Nombre/término del tipo de medio no mediado
Código del tipo de medio n
Fuente rdamedio
338 ## - TIPO DE SOPORTE
Nombre/término del tipo de soporte volumen
Código del tipo de soporte nc
Fuente rdasoporte
505 0# - NOTA DE CONTENIDO CON FORMATO
Nota de contenido con formato Lo que vemos no es lo que captamos /<br/>Los subtextos del lenguaje /<br/>Los subtextos del tacto /<br/>El lenguaje corporal: los ojos, la cabeza y las manos. /<br/>El lenguaje corporal: los gestos, las posturas y el espacio /<br/>La manifestación de la interioridad /<br/>La verdad y sus consecuencias /<br/>Aspectos del poder /<br/>La entrevista de empleo /<br/>La magia detrás de la venta /<br/>Las relaciones peligrosas. /<br/>Cuando los mundos chocan: el subtexto y el lugar de trabajo en el marco internacional /
520 3# - SUMARIO, ETC.
Sumario, etc. Julius Fast, el hombre que nos enseñó que el hecho de cruzar las piernas, por ejemplo, es algo más que una forma de ponerse cómodo, aplica ahora al mundo de los negocios el resultado de décadas de investigación acerca del lenguaje del cuerpo, y demuestra que sus hallazgos son aún más útiles en ese terreno que en el de las relaciones personales, donde la honestidad tiende a ser más corriente. Así, propugnando que en toda interacción humana hay un texto explícito y un texto implícito o subtexto -la corriente de comunicación que fluye bajo la superficie y que a menudo es más reveladora que la superficie misma, porque es inconsciente, Fast nos enseña, entre otras cosas, a:<br/><br/>.Conseguir que el contacto ocular, en una reunión de negocios, obre en nuestro beneficio.<br/>.Identificar las microexpresiones que revelan que alguien está mintiendo.<br/>.Adivinar qué significa que nos hagan esperar cinco, diez o veinte minutos para una cita.<br/>.Ordenar las sillas alrededor de la mesa de modo que resulte fácil asumir el control de una reunión.<br/><br/>La capacidad para lograr hacer todo esto no sólo nos permite comunicarnos de manera más eficaz, sino que también nos ayuda a interpretar a los demás: lo que los otros dicen y, lo que es más importante, lo que desesperadamente intentan no decir.<br/>
942 #1 - ELEMENTOS DE ENTRADA AGREGADA (KOHA)
Fuente del sistema de clasificación o colocación Library of Congress Classification
Ocultar en OPAC No
Tipo de ítem Koha Libros
Existencias
Estado de retiro Estado de pérdida Fuente del sistema de clasificación o colocación Estado dañado No para préstamo Código de colección Localización permanente Ubicación/localización actual Ubicación en estantería Fecha de adquisición Número de inventario Total de préstamos Código de barras Fecha visto por última vez Precio válido a partir de Tipo de ítem Koha
    Library of Congress Classification     Colección general Biblioteca Universidad Monteávila Biblioteca Universidad Monteávila Colección general 14/04/2026 49653   2026-0508 14/04/2026 14/04/2026 Libros

Copyright @ UMA Library
Universidad Monteávila Caracas, Venezuela

Edif. Sede principal Universidad Monteávila. Av. El Buen Pastor. Boleíta Norte. Caracas. 
Customized by Universidad Monteávila

Con tecnología Koha